| 000 | 00610nam a22001937a 4500 | ||
|---|---|---|---|
| 005 | 20251108172729.0 | ||
| 008 | 250721s2002 xx 000 0 ara d | ||
| 082 | 1 | 4 | _a216.7/صبي |
| 100 | 1 |
_aصبيحات، حنان سليمان رشيد _eمؤلف |
|
| 245 | 1 | 0 | _aالحداد وأحكامه في الفقه الإسلامي / |
| 264 | 1 |
_aعمان : _bجهينة للنشر والتوزيع، _c2002. |
|
| 300 | _a232ص. | ||
| 650 | 1 | 7 | _aالفقه الإسلامي |
| 650 | 1 | 7 | _aالحداد |
| 650 | 1 | 7 | _aتقاليد الوفاة |
| 650 | 1 | 7 | _aالفتاوي |
| 942 |
_2ddc _cBK |
||
| 999 |
_c87082 _d87082 |
||